000 00696nam a22002177a 4500
003 UA-OsUOA
001 81621
007 ta
008 20120203b un ||||| |||| 00| 0 ukr d
100 _aЮшкевич О.О.
090 _a330(477)
_bЮ96
942 _cSA
040 _aUA-OsUOA
_bukr
_cUA-OsUOA
_dUA-OsUOA
245 _aКонцептуальні основи структуризації середовища розвитку сільськогосподарських підпиємств
300 _aС.78-84
955 _a0
041 _aukr
080 _a330(477)
773 0 _w81610
_tЕкономіка АПК
_dК.
_d2012
_g1
650 7 _a330 Економіка взагалі
_2UDC
999 _c367942
_d367942